Mythologie : de quelle mythologie viennent ces divinités ? - Statistiques

Statistiques générales
  • Ce quiz a été pris 112 fois
  • Le résultat moyen est 15 sur 20
Statistiques - réponses
Hint Réponse % Correct
Hercules Romaine
93%
Vesta Romaine
93%
Phorcys Grecque
88%
Ganymède Grecque
88%
Thot Égyptienne
84%
Maât Égyptienne
84%
Hâpy Égyptienne
84%
Ammout Égyptienne
84%
Sun Wukong Chinoise
80%
Idunn Nordique
78%
Jörmungand Nordique
78%
Freyja Nordique
78%
Tsukuyomi Japonaise
73%
Izanagi Japonaise
73%
Quetzalcoatl Aztèque
66%
Tezcatlipoca Aztèque
66%
Tlaloc Aztèque
66%
Enkidu Mésopotamienne
36%
Gilgamesh Mésopotamienne
36%
Ishtar Mésopotamienne
36%
Aucun quiz correspondant
Distribution des résultats
% des personnes avec chaque résultat
Percentile par nombre de réponses
Votre historique - résultats
Vous n’avez pas pris ce quiz